[Event "Irkutsk Region-ch"]
[Site "Irkutsk"]
[Date "2014.10.21"]
[Round "4"]
[White "Bahturin, Konstantin"]
[Black "Rozhnev, Gennady"]
[Result "1/2-1/2"]
[WhiteElo "2165"]
[BlackElo "2109"]
[PlyCount "157"]
[EventDate "2014.10.18"]
[EventType "tourn"]
[EventRounds "11"]
[EventCountry "RUS"]
[SourceTitle "CBM 163 Extra"]
[Source "ChessBase"]
[SourceDate "2014.12.23"]
[SourceVersion "1"]
[SourceVersionDate "2014.12.23"]
[SourceQuality "1"]

1. d4 Nf6 2. c4 g6 3. Nc3 d5 4. Bg5 Ne4 5. Bh4 Nxc3 6. bxc3 c6 7. e3 Bg7 8. Nf3 Qa5 9. Qb3 e6 10. Rc1 Nd7 11. Be2 0-0 12. 0-0 h6 13. cxd5 exd5 14. c4 dxc4 15. Bxc4 Nb6 16. Be7 Nxc4 17. Bb4 Qa6 18. Qxc4 Qxc4 19. Rxc4 Re8 20. Rfc1 Be6 21. R4c2 Bd5 22. Rb2 Re6 23. a4 b6 24. Bc3 Bf8 25. Ra1 Rc8 26. a5 b5 27. a6 f6 28. Nd2 Bd6 29. h3 f5 30. Nf3 Bc4 31. Nd2 Bd3 32. Nb3 Bc4 33. Nc5 Re7 34. Bb4 Bd5 35. Re1 Rb8 36. Nd3 Bxb4 37. Nxb4 Rb6 38. f3 Bc4 39. e4 f4 40. Rd1 Kf7 41. Kf2 Rd7 42. Rbd2 Ke7 43. Ke1 Kf6 44. Rb1 Kg5 45. Rbb2 Kh4 46. Kf2 g5 47. Rbc2 h5 48. Rb2 g4 49. hxg4 hxg4 50. fxg4 Kxg4 51. Rbc2 Rh7 52. Rc1 Rd7 53. Rcc2 Rc7 54. Rc3 Rh7 55. Rc1 Rh5 56. Rg1 Rh6 57. Rdd1 Rb8 58. Rh1 Rbh8 59. Rxh6 Rxh6 60. Rc1 Rd6 61. d5 cxd5 62. exd5 Kf5 63. Nc6 Bxd5 64. Ne7+ Ke6 65. Re1+ Kd7 66. Nxd5 Rxd5 67. Re4 Rd6 68. Rxf4 Rxa6 69. g4 Ra2+ 70. Kf3 a5 71. g5 Ra1 72. Rg4 Rf1+ 73. Ke2 Rf7 74. g6 Rg7 75. Kd3 Kc6 76. Kc3 Kb6 77. Kb3 Kc5 78. Rg5+ Kc6 79. Kc3 1/2-1/2

[Event "Irkutsk-ch otbor"]
[Site "Irkutsk"]
[Date "2013.12.05"]
[Round "6"]
[White "Vorobiev, Nikolay"]
[Black "Rozhnev, Gennady"]
[Result "0-1"]
[WhiteElo "1988"]
[BlackElo "2099"]
[PlyCount "138"]
[EventDate "2013.11.17"]
[EventType "swiss"]
[EventRounds "9"]
[EventCountry "RUS"]
[SourceTitle "EXT 2016"]
[Source "ChessBase"]
[SourceDate "2015.10.08"]
[SourceVersion "1"]
[SourceVersionDate "2015.10.08"]
[SourceQuality "1"]

1. e4 c5 2. Nc3 Nc6 3. g3 g6 4. Bg2 Bg7 5. d3 Nf6 6. Be3 d6 7. Qd2 Ng4 8. Bf4 e5 9. Bg5 f6 10. Be3 Nxe3 11. fxe3 0-0 12. Nf3 Ne7 13. 0-0 Bh6 14. Nd5 b5 15. h3 Be6 16. Nh2 Bxd5 17. exd5 Nf5 18. Ng4 Bg7 19. e4 Nxg3 20. Rf3 Nh5 21. Raf1 Nf4 22. Qf2 Kh8 23. Kh2 f5 24. Ne3 Bh6 25. Rg1 Bg5 26. Bf1 Bh4 27. Qd2 Qd7 28. c3 Nh5 29. Ng2 Bf6 30. exf5 gxf5 31. Qh6 e4 32. Qxh5 exf3 33. Qxf3 Be5+ 34. Kh1 Rg8 35. Ne3 Rxg1+ 36. Kxg1 Rg8+ 37. Kf2 b4 38. Nd1 bxc3 39. bxc3 Qg7 40. d4 cxd4 41. c4 Qg1+ 42. Ke2 Qh2+ 43. Qf2 Qxf2+ 44. Nxf2 Rc8 45. Kd3 Kg7 46. Kc2 Kf6 47. Kb3 Rb8+ 48. Kc2 Rb4 49. a3 Rb8 50. Nd3 a5 51. Nc1 Rg8 52. Nd3 Rg3 53. Kd2 f4 54. Ke2 Re3+ 55. Kd2 f3 56. a4 Bg3 57. c5 dxc5 58. Nxc5 Be1+ 59. Kd1 Bb4 60. Nd3 Ke7 61. h4 Kd6 62. Kc2 Kxd5 63. h5 Re2+ 64. Kc1 Ke4 65. Nxb4 Re1+ 66. Kd2 Rxf1 67. Nc6 Ra1 68. Nxa5 f2 69. Nb3 Ra2+ 0-1

[Event "Irkutsk-ch otbor"]
[Site "Irkutsk"]
[Date "2013.11.17"]
[Round "1"]
[White "Rozhnev, Gennady"]
[Black "Sechkin, Mikhail"]
[Result "1-0"]
[WhiteElo "2099"]
[BlackElo "1780"]
[PlyCount "123"]
[EventDate "2013.11.17"]
[EventType "swiss"]
[EventRounds "9"]
[EventCountry "RUS"]
[SourceTitle "EXT 2016"]
[Source "ChessBase"]
[SourceDate "2015.10.08"]
[SourceVersion "1"]
[SourceVersionDate "2015.10.08"]
[SourceQuality "1"]

1. c4 c6 2. Nc3 d5 3. d4 Nf6 4. e3 e6 5. Nf3 Nbd7 6. Bd3 dxc4 7. Bxc4 b5 8. Bd3 Bb7 9. 0-0 Be7 10. e4 a6 11. e5 Nd5 12. Ne4 c5 13. Bg5 0-0 14. Nd6 Bc6 15. Bxe7 Qxe7 16. Rc1 c4 17. Bb1 Rfb8 18. Qc2 Nf8 19. Qd2 h6 20. Rfe1 Rd8 21. Re4 Rxd6 22. exd6 Qxd6 23. Ne5 Bb7 24. Rg4 Nf6 25. Rg3 Nh5 26. Rh3 Nf6 27. Qc3 Qd5 28. f3 Rd8 29. Rh4 Qd6 30. Rd1 Nd5 31. Qd2 Nd7 32. Ng4 Qb4 33. Nxh6+ Kf8 34. Qxb4+ Nxb4 35. Nf5 Kg8 36. Ne3 Nf6 37. a3 Nbd5 38. Nxd5 Nxd5 39. Bh7+ Kf8 40. Be4 Ke7 41. Bxd5 Bxd5 42. Kf2 a5 43. Ke3 b4 44. axb4 axb4 45. Ra1 Rd7 46. Rh8 Rc7 47. Rb8 b3 48. Kd2 e5 49. dxe5 Rd7 50. Kc3 Be6 51. Raa8 f6 52. exf6+ gxf6 53. Re8+ Kf7 54. Red8 Rc7 55. Rd6 f5 56. Raa6 Bd7 57. Rh6 Kg7 58. h4 f4 59. Rag6+ Kf7 60. h5 Ke7 61. Rg7+ Kd8 62. Rh8+ 1-0

[Event "Irkutsk Ermolaev Memorial 6th"]
[Site "Irkutsk"]
[Date "2012.08.03"]
[Round "3"]
[White "Rozhnev, Gennady"]
[Black "Ivanov, Fedor"]
[Result "1-0"]
[WhiteElo "2109"]
[BlackElo "1801"]
[PlyCount "69"]
[EventDate "2012.08.01"]
[EventType "swiss"]
[EventRounds "9"]
[EventCountry "RUS"]
[SourceTitle "CBM 149 Extra"]
[Source "ChessBase"]
[SourceDate "2012.08.24"]
[SourceVersion "1"]
[SourceVersionDate "2012.08.24"]
[SourceQuality "1"]

1. Nf3 Nf6 2. g3 d5 3. Bg2 e6 4. 0-0 Be7 5. c4 0-0 6. b3 c6 7. d3 Nbd7 8. Bb2 b5 9. Nbd2 Rb8 10. Qc2 Ba6 11. Nd4 Rc8 12. Rfc1 Qb6 13. e3 Bc5 14. a4 bxc4 15. a5 Qb8 16. bxc4 e5 17. N4b3 Rfd8 18. Nxc5 Nxc5 19. Ba3 Nfd7 20. Bh3 Rc7 21. d4 exd4 22. exd4 Nb7 23. cxd5 c5 24. Rab1 Qa8 25. Bg2 Qc8 26. Ne4 Nxa5 27. Nd6 Qa8 28. Qa4 Nb7 29. Nf5 Bd3 30. Ne7+ Kf8 31. d6 Nb6 32. Rxb6 Rcd7 33. Rxb7 Rxb7 34. dxc5 Bb5 35. Qe4 1-0

[Event "Irkutsk Ermolaev Memorial 6th"]
[Site "Irkutsk"]
[Date "2012.08.01"]
[Round "1"]
[White "Rozhnev, Gennady"]
[Black "Galenpolsky, Mikhail"]
[Result "1-0"]
[WhiteElo "2109"]
[BlackElo "1731"]
[PlyCount "75"]
[EventDate "2012.08.01"]
[EventType "swiss"]
[EventRounds "9"]
[EventCountry "RUS"]
[SourceTitle "CBM 149 Extra"]
[Source "ChessBase"]
[SourceDate "2012.08.24"]
[SourceVersion "1"]
[SourceVersionDate "2012.08.24"]
[SourceQuality "1"]

1. e4 e6 2. d4 d5 3. Nc3 Bb4 4. a3 Bxc3+ 5. bxc3 c5 6. e5 Ne7 7. Bd3 Nbc6 8. Nf3 Qa5 9. Bd2 c4 10. Be2 h5 11. h4 Nf5 12. Ng5 Bd7 13. Rh3 g6 14. Nf3 0-0-0 15. Kf1 Rhf8 16. Ng5 a6 17. Nh7 Rh8 18. Nf6 Nce7 19. Bg5 Rdf8 20. Rb1 Qxa3 21. Nxd7 Kxd7 22. Rxb7+ Kc6 23. Qb1 Nc8 24. g4 Nxd4 25. Be7 Qa5 26. cxd4 Nxe7 27. Rxe7 Rb8 28. Qc1 Rb5 29. Qa3 Rb1+ 30. Kg2 Qxa3 31. Rxa3 hxg4 32. Rxa6+ Kb5 33. Raa7 Re1 34. Bf1 Rxh4 35. Reb7+ Kc6 36. Rxf7 g3 37. Rab7 Rxd4 38. Rfc7# 1-0

[Event "Irkutsk-ch"]
[Site "Irkutsk"]
[Date "2012.04.01"]
[Round "5"]
[White "Okunev, Lev"]
[Black "Rozhnev, Gennady"]
[Result "1-0"]
[WhiteElo "2184"]
[BlackElo "2094"]
[PlyCount "93"]
[EventDate "2012.03.24"]
[EventType "swiss"]
[EventRounds "9"]
[EventCountry "RUS"]
[SourceTitle "EXT 2013"]
[Source "ChessBase"]
[SourceDate "2012.11.22"]
[SourceVersion "1"]
[SourceVersionDate "2012.11.22"]
[SourceQuality "1"]

1. e4 c5 2. Nc3 Nc6 3. g3 g6 4. Bg2 Bg7 5. d3 e6 6. Be3 b6 7. Nge2 Nge7 8. Qd2 Ba6 9. Bh6 Bxh6 10. Qxh6 Ng8 11. Qd2 Rc8 12. 0-0 Nge7 13. Qh6 Ng8 14. Qd2 Nge7 15. Rae1 0-0 16. Kh1 d5 17. exd5 exd5 18. Nf4 d4 19. Ne4 Nf5 20. Nd5 f6 21. Re2 Kh8 22. Nf4 Ng7 23. Rfe1 g5 24. Nh3 c4 25. f4 cxd3 26. cxd3 g4 27. Nhf2 Qd7 28. Qd1 Nb4 29. Nxf6 Rxf6 30. Re7 Qd6 31. Rxa7 Rc7 32. Ne4 Rxa7 33. Nxd6 Rxd6 34. Be4 Re7 35. Kg2 Rde6 36. Rf1 Rxe4 37. dxe4 Bxf1+ 38. Qxf1 Rxe4 39. Qc4 Nxa2 40. Qxa2 d3 41. Qa8+ Re8 42. Qd5 Re2+ 43. Kf1 h5 44. Qxd3 Rxb2 45. f5 Rxh2 46. f6 Ra2 47. Qd8+ 1-0